000 00371 a2200109 4500
001 ART_45738
005 20260410161815.0
008 260409a
245 1 0 _aLos discursos de los docentes de la Facultad de Derecho de la UNR sobre el plan de estudios
100 1 _aPezzetta, Silvina
773 0 _tAcademia
_g- Año 15, Nº 29 (ene./jun. 2017)
_wREV4314
999 _c21839
_d21839